000 00578nam a2200193Ia 4500
003 GCL
008 140319s9999 xx 000 0 ara d
040 _aGCL /
_cGCL
082 0 4 _a370.78
_bط ص
100 1 _aطلعت عبدالحميد
245 1 0 _aصناعة القهر دراسة فى التعليم والضبط الاجتماعى /
_cطلعت عبدالحميد
260 _a[S.N] :
_bسينا للنشر ،
_c1990
300 _a147 ص
490 _a
650 0 4 _aالتعليم
650 0 4 _aالتربية
650 0 4 _aالاحصائيات
942 _2ddc
_cBK
999 _c28172
_d28172